| 000 | 00349nam a2200133Ia 4500 | ||
|---|---|---|---|
| 008 | 240624s9999 xx 000 0 und d | ||
| 041 | _aeng | ||
| 082 | _a300 DUB | ||
| 100 | _aDUBEY SANJAY | ||
| 245 | _aSTRATEGIES OF DEVELOPING COUNTRIES OPPOR | ||
| 260 |
_c2009 _aNew Delhi _bExcel Books |
||
| 300 | _avii, : 313 : p. : cm. ; 23 | ||
| 365 |
_cRS _b30 |
||
| 999 |
_c14722 _d14722 |
||